LDR 00822naa#a2200181#i#450# 001 RU\INFRA-M\bibl\126019 005 20260705101443.7 011 ## _a2587-9111 100 ## _a20260617b2026####ek#y0rusy0150####ca 102 ## _aRU 200 1# _aАнализ рынка чипов для искусственного интеллекта _eЖурнальная статья 210 1# _aМосква _cОбщество с ограниченной ответственностью «Научно-издательский центр ИНФРА-М» _d2026 215 ## _a8 с. 608 ## _aЖурнальная статья _2local 675 ## _aЭкономика. Народное хозяйство. Экономические науки. 33 _z 700 #1 _aСибгатуллин _gБ. А. 700 #1 _aРудалева _gИ. А. 856 4# _azh-szf.ru _u